000 00825nam a2200181 i 4500
001 161417
003 ES-MaACL
005 20230906212300.0
008 010307s1880 sp e |||| | spa d
040 _aCCPB | B
_bspa
_cCCPB | B
100 1 _aPardo y Jimeno, Pascual.
_9130840
245 1 0 _aProyecto de traida de agua de La Alcoraya a Alicante
_b: año 1880 /
_cpor Pascual Pardo y Jimeno.
260 _aAlicante :
_b[s.n.,
_c1880?] (
_fImp. de Antonio Reus)
300 _a28 p., [1] h. de plan. pleg. ;
_c21 cm.
599 1 _aLa h. de plan. representa el terreno por donde se realizará el trasvase.
650 4 _aAgua-
_xAbastecimiento-
_zAlicante.
_9156367
852 _aES-MaACL
_jT-419-F-15
_z-- Enc. hol.
_q-- Falto de la cub. original
_z-- Enc. en un vol. facticio
_x-- Edic.: añadir en T260 (Imprenta de Antonio Reus)
999 _c161417
_d161417